Konkurencieschopnosť Slovenska s osobitným zameraním na hodnotenie efektívnosti finančného trhu

Hodnotenie úrovne, kvality podnikateľského prostredia a konkurencieschopnosti Slovenska s osobitným zameraním na hodnotenie slovenského finančného trhu. Výskum sa uskutočňuje na základe údajov od niekoľkých svetových inštitúcií zaoberajúcich sa hodnotením kvality podnikateľského prostredia.

Gespeichert in:
Bibliographische Detailangaben
1. Verfasser: Kalusová, Lenka, 1987-
Format: Buchkapitel
Sprache:Slowakisch
Schlagworte:
Tags: Tag hinzufügen
Keine Tags, Fügen Sie das erste Tag hinzu!

MARC

LEADER 00000naa$a2200000$$$4500
001 0251002
005 20240502074026.7
041 0 |a slo 
044 |a SK 
245 1 0 |a Konkurencieschopnosť Slovenska s osobitným zameraním na hodnotenie efektívnosti finančného trhu  |c Lenka Kalusová 
520 |a Hodnotenie úrovne, kvality podnikateľského prostredia a konkurencieschopnosti Slovenska s osobitným zameraním na hodnotenie slovenského finančného trhu. Výskum sa uskutočňuje na základe údajov od niekoľkých svetových inštitúcií zaoberajúcich sa hodnotením kvality podnikateľského prostredia. 
610 2 0 |a konkurencieschopnosť 
610 2 0 |a trhy 
610 2 0 |a Slovensko 
610 2 0 |a Vyšehradská štvorka 
100 1 |a Kalusová, Lenka, 1987-